000 01550cam a2200133 4500500
005 20250928001051.0
041 _afre
042 _adc
100 1 0 _aGnesotto, Nicole
_eauthor
245 0 0 _aL'Europe a-t-elle un avenir stratégique ?
260 _bArmand Colin,
_c2011.
520 _aL’Union européenne a jusqu’à présent échoué dans l’harmonisation de ses politiques militaires. Si elle réussit bien à encadrer la libre circulation des biens et des marchandises, elle se trouve incapable d’arracher aux Etats ce qu’ils considèrent comme leur propriété absolue: l’armée. Or, comme le montre l’auteur, la mondialisation, la menace terroriste globale rendent caduques l’idée d’avoir 27 systèmes différents. Mais l’auteur va plus loin. La plupart des ouvrages sur la défense européenne repose sur une approche technique, opérationnelle et institutionnelle. Sans délaisser totalement cet aspect descriptif, l’ouvrage se situe d’emblée dans une autre démarche, plus politique, où la défense est aussi un excellent indicateur des divergences européennes sur la finalité de l’Union et son rôle politique dans la mondialisation. Elle insiste sur la modernité stratégique de l’Union par rapport aux définitions traditionnellement plus militaires de la puissance. En somme, le dispositif militaire communautaire est prêt. Il suffit d’un peu de courage politique.
856 4 1 _uhttps://shs.cairn.info/leurope-a-t-elle-un-avenir-strategique--9782200249618?lang=fr&redirect-ssocas=7080
999 _c1510390
_d1510390